000 00576nam a2200181Ia 4500
008 090123s9999 xx 000 0 und d
082 _b34836
100 _aकुलकर्णी लता
245 _aशुध्द बीजापेटी
250 _a1
260 _bकिर्ती प्रकाशन
_c2002
300 _a208
600 _aकुलकर्णी लता
630 _aशुध्द बीजापेटी
700 _aकुलकर्णी लता
730 _aशुध्द बीजापेटी
942 _cBOOK
999 _c72895
_d72895